| 000 | 00805cam a2200253 i 4500 | ||
|---|---|---|---|
| 020 | _a0471053724 : | ||
| 040 | _cDLC | ||
| 082 | 0 | 0 | _a581 WIL 1980 A080 Or. |
| 245 | 0 | 0 | _aAdaptation of plants to water and high temperature stress / |
| 260 |
_aNew York : _bWiley, _cc1980. |
||
| 300 |
_axiii, 482 p. : _bill. ; _c25 cm. |
||
| 500 | _a"Proceedings of [a] seminar held from November 6 to 10, 1978, at the Carnegie Institution of Washington, Department of Plant Biology, Stanford, California." | ||
| 500 | _a"A Wiley-Interscience publication." | ||
| 650 | 0 | _aPlant-water relationships | |
| 650 | 0 | _aCrops and water | |
| 650 | 0 | _aPlants | |
| 650 | 0 | _aPlants | |
| 650 | 0 | _aPlants | |
| 650 | 0 | _aPlants | |
| 650 | 0 | _aPlants | |
| 700 | 1 | _aTurner, Neil C. | |
| 700 | 1 | _aKramer, Paul J. | |
| 942 | _cEK | ||
| 999 |
_c15880 _d15880 |
||